00233nam a2200097Ia 4500008004100000041000800041082001100049100002000060245002000080260003500100231212s1979 xx 000 0 und d aeng a621.01 aFechrich Bueche aCollege Physics aSingapourebMc Graw Hillc1979